Normal view
MARC view
- Parr A
Entry Personal Name
001 - CONTROL NUMBER
- control field: 146065
003 - CONTROL NUMBER IDENTIFIER
- control field: OSt
005 - DATE AND TIME OF LATEST TRANSACTION
- control field: 20230313123543.0
008 - FIXED-LENGTH DATA ELEMENTS
- fixed length control field: 230313|| aca||aabn | a|a d
040 ## - CATALOGING SOURCE
- Original cataloging agency: OSt
- Transcribing agency: OSt
100 ## - HEADING--PERSONAL NAME
- Personal name: Parr A
670 ## - SOURCE DATA FOUND
- Source citation: Work cat.: (OSt)113552: Parr A., Hydraulics And Pneumatics Of Technician's And Engineer's Guide